| 000 | 018510000a22001810004500 | ||
|---|---|---|---|
| 020 | _a958-655-622-0 | ||
| 082 | 0 | 4 | _aG 320.01 C6141c |
| 245 | 1 | 0 | _aLos clásicos de la filosofía política / Editores académicos: Francisco Cortés Rodas , Lucy Carrillo Castillo |
| 260 | _aMedellín : Instituto de Filosofía, Universidad de Antioquia | ||
| 300 | _a364 p. | ||
| 505 | 0 | 0 | _aPlatón y el concepto de justicia en el primer libro de la república (Jairo Iván Escobar) -- La ética y la política en sus vínculos con retórica y poética (Luz Gloria Cárdenas Mejía) -- Santo Tomás de Aquino y el problema del poder (Gonzalo Soto Posada) -- La política y la violencia en el pensamiento de Nicolás Maquiavelo (Francisco Cortés Rodas) -- La humanidad, entre la barbarie y la civilización. Thomas Hobbes o el concepto de lo que debería ser política (Lucy Carrillo Castillo) -- Spinoza: el tratado político (Rosalba Durán Forero) -- Sobre la fundamentación ética del Estado en la filosofía política de Hegel (Carlos Elmel Rendón Arroyave) -- Los profetas, la física y la boa contrictora. Un acercamiento al concepto de la política de Marx (Jorge Giraldo Ramírez) -- John Dewey: la apuesta pragmática por la democracia deliberativa (José Olimpo Suárez Molano) -- El punto de vista moral y político en Habermas Rawis (Carlos Alberto Carvajal Correa) -- Esfera pública, acción política y ciudadanía. Una mirada desde Hannah Arendt -- La política entre la ética y el derecho en el pensamiento de Habermas. |
| 650 | 1 | 4 | _aFILOSOFIA POLITICA - CLASICOS \ JUSTICIA (FILOSOFIA) \ ETICA POLITICA - FILOSOFIA \ PODER (FILOSOFIA) \ NO-VIOLENCIA (FILOSOFIA) \ DEMOCRACIA \ POLITICA Y MORAL |
| 001 | 17973 | ||
| 942 | _cBK | ||
| 999 |
_c44466 _d44466 |
||
| 336 |
_atexto _btxt _2rdacontent |
||
| 337 |
_2rdamedia _asin mediación _bn |
||
| 338 |
_2rdacarrier _avolumen _bnc |
||